000 00529nam a2200205Ia 4500
003 OSt
005 20230426120416.0
008 210423s2011 xx 000 0 und d
020 _a9789380108896
040 _cAL
041 _aeng
082 _a519.2 SAND
_223
100 _aSANTOS (David A).
_993358
245 _aProbability: an introduction.
260 _aNew Delhi
_bJones & Bartlett Publishers
_c2011
300 _axi,401
_bPB
365 _b495
_cINR
906 _aan ; introduction. ; Probability:
942 _2ddc
_cBK
999 _c161707
_d161707